No place like home / Betsy St. Amant.
Available copies
- 1 of 1 copy available at LARL/NWRL Consortium. (Show)
- 1 of 1 copy available at Northwest Regional Library.
Current holds
0 current holds with 1 total copy.
Show Only Available Copies
| Location | Call Number / Copy Notes | Barcode | Shelving Location | Status | Due Date |
|---|---|---|---|---|---|
| Greenbush Public Library | C STA (Text) | 35500006938292 | New | Available | - |
Record details
- ISBN: 9781963372502
- ISBN: 1963372506
- Physical Description: 353 pages : illustration ; 22 cm.
- Publisher: United States of America : Sunrise Publishing, [2025]
- Copyright: ©2025
Content descriptions
| General Note: | Includes excerpt from: Meant for me. |
| Summary, etc.: | "Magnolia Bay's development director, Cade Landry, ... Read More |
Search for related items by subject
| Subject: | Man-woman relationships > Fiction. Aerialists > Fiction. Fund raising > Fiction. Small cities > Fiction. |
| Genre: | Christian fiction. Romance fiction. Romance fiction. |
Search for related items by series
| LDR | 02963cam a2200469 i 4500 | ||
|---|---|---|---|
| 001 | 489133 | ||
| 003 | LARL_NWRL_CONSORTIUM | ||
| 005 | 20260603112547.0 | ||
| 008 | 250508t20252025xxua 000 1 eng d | ||
| 040 | . | ‡aIG# ‡beng ‡erda ‡cIG# ‡dYDX ‡dANK ‡dOCLCQ ‡dOCLCO ‡dCNCAR | |
| 020 | . | ‡a9781963372502 ‡q(paperback) | |
| 020 | . | ‡a1963372506 ‡q(paperback) | |
| 020 | . | ‡z9781963372519 ‡q(ebook) | |
| 035 | . | ‡a(OCoLC)1518845538 | |
| 082 | 0 | 4. | ‡aROMANCE ‡bSTA |
| 100 | 1 | . | ‡aSt. Amant, Betsy, ‡eauthor. ‡1https://id.oclc.org/worldcat/entity/E39PCjvXWgfmT7jHcRrGmkHRDq |
| 245 | 1 | 0. | ‡aNo place like home / ‡cBetsy St. Amant. |
| 264 | 1. | ‡aUnited States of America : ‡bSunrise Publishing, ‡c[2025] | |
| 264 | 4. | ‡c©2025 | |
| 300 | . | ‡a353 pages : ‡billustration ; ‡c22 cm. | |
| 336 | . | ‡atext ‡btxt ‡2rdacontent | |
| 336 | . | ‡astill image ‡bsti ‡2rdacontent | |
| 337 | . | ‡aunmediated ‡bn ‡2rdamedia | |
| 338 | . | ‡avolume ‡bnc ‡2rdacarrier | |
| 490 | 0 | . | ‡aMagnolia Bay ; ‡v2 |
| 500 | . | ‡aIncludes excerpt from: Meant for me. | |
| 520 | . | ‡a"Magnolia Bay's development director, Cade Landry, would do anything for his town--and his family. So when the mayor--who also happens to be his father--decides to retire, he talks Cade into running for his seat. But Cade is already up to his dimpled cheeks in the town's post-hurricane revitalization fundraiser--Magnolia Days, featuring a flashy Cajun Circus. If Cade can't put the bay back on the map as a tourist town, he'll let the whole community down...and worse yet, his father. Rosalyn Dupree is a famous aerialist with a secret--actually, quite a few of them. Much to Cade's relief, she agrees to return to Magnolia Bay for the first time in years as a headliner for the Cajun Circus. But neither her charming former school rival Cade nor her parents know she's broke, in debt, and nursing a back injury...among other things. She'd love to move back to the bay for good, but the beloved sport that used to let her fly has become her cage. Despite her best efforts at resisting, sparks fly between Cade and Rosalyn as they work together on the circus fundraiser. But when everyone's secrets are revealed and worlds collide, will Rosalyn find forgiveness and restoration in a town being rebuilt? Or will there never be anywhere to truly call home?"-- ‡cPage 4 of cover. | |
| 650 | 0. | ‡aMan-woman relationships ‡vFiction. ‡0(LARL_NWRL_CONSORTIUM)165985 | |
| 650 | 0. | ‡aAerialists ‡vFiction. | |
| 650 | 0. | ‡aFund raising ‡vFiction. | |
| 650 | 0. | ‡aSmall cities ‡vFiction. | |
| 655 | 7. | ‡aChristian fiction. ‡2gsafd | |
| 655 | 0. | ‡aRomance fiction. | |
| 655 | 7. | ‡aRomance fiction. ‡2lcgft | |
| 901 | . | ‡a489133 ‡bAUTOGEN ‡c489133 ‡tbiblio | |

Add to basket
Permalink
Disable Highlighting